La solidez del sistema financiero (Registro nro. 18436)

Detalles MARC
000 -LEADER
fixed length control field 00375 a2200109 4500
001 - CONTROL NUMBER
control field ART_43236
005 - DATE AND TIME OF LATEST TRANSACTION
control field 20260410161737.0
008 - FIXED-LENGTH DATA ELEMENTS--GENERAL INFORMATION
fixed length control field 260409a
100 1# - MAIN ENTRY--PERSONAL NAME
Personal name Fischer, Stanley
245 10 - TITLE STATEMENT
Title La solidez del sistema financiero
773 0# - HOST ITEM ENTRY
Title Ejecutivos de finanzas
Related parts Liderazgo ejecutivo. Cambios...en el cambio de siglo - Año 13, Nº 139 (sep. 1997)
Record control number REV2863

No hay ítems disponibles.